000 00726nam a22001935i 4500
001 163670
003 ES-MaACL
005 20251122063134.0
008 050719s1892 po | |||||||| ||por d
040 _aCAM
_bspa
_cCAM
100 1 _aPeixoto, Rocha,
_d1868-1909
_9148566
245 1 0 _aEstações de aquicultura
_b: memoria /
_cpor A.A. da Rocha Peixoto.
260 _aLisboa :
_bImprensa Nacional,
_c1892.
300 _a17 p. ;
_c24 cm.
594 _aPrecede al tit.: Congresso Pedagogico Hispano-Portuguez-Americano, Secção Portugueza.
650 7 _aAgua
_2embne
_9135514
852 _aES-MaACL
_jT-1120-F-11
_z-- Enc hol. conservando la cub. original
_z-- Enc. en un vol. facticio
999 _c163670
_d163670